Tales of a traveller, by Geoffrey Crayon, Gentn

Shranjeno v:
Bibliografske podrobnosti
Glavni avtor: Irving, Washington (Author)
Format: Knjiga
Jezik:angleščina
Izdano: Nueva York G. P. Putnam & Co 1856
Izdaja:1a. ed
Serija:<The >works of Washington Irving, VII
Teme:
Oznake: Označite
Brez oznak, prvi označite!

MARC

LEADER 00000nam a2200000 a 4500
001 UCJ7508
003 CL-VaPUC
008 070124e18560000US |||||||||||||||||eng|d
082 0 4 |a 818  |b IRV  |2 21 
100 |a Irving, Washington  |e author  |9 345121 
245 1 0 |a Tales of a traveller, by Geoffrey Crayon, Gentn 
250 |a 1a. ed 
300 |a xi, 456 p 
942 |c BK 
945 |d 20070124 00:00:00  |a rinostro 
260 |a Nueva York  |b G. P. Putnam & Co  |c 1856 
500 |a Author revised edition complete in one volume 
500 |a Author of The Sketch Book, Bracebridge Hall, Knickerbocker's History of New York, etc 
650 0 |a Sátira  |9 313713 
650 0 |a Crítica literaria   |9 269189 
650 7 |a CUENTO ESTADOUNIDENSE  |2 CL-VaPUC  |9 369940 
583 |a last modification  |c 20070124 00:00:00  |k Rodrigo Vera 
490 0 |a <The >works of Washington Irving, VII 
999 |c 323592  |d 323590 
952 |0 0  |1 0  |4 0  |6 818_000000000000000_IRV_1856  |7 0  |8 X  |9 403335  |a FDOBUD  |b FDOBUD  |d 2019-11-22  |i 1065297  |o 818 IRV 1856  |p 1065297  |r 2019-11-22  |w 2019-11-22  |y BK_X  |k BUD